| 000 | 00935nam a2200313 i 4500 | ||
|---|---|---|---|
| 001 | bg | ||
| 100 | 1 | _aAIGNER, Martin | |
| 245 | 1 | 0 |
_aDowody z Księgi / _cMartin Aigner, Günter M. Ziegler ; przekł. z ang. Paweł Strzelecki. |
| 246 |
_iTyt. oryg.: _aroofs from the book |
||
| 260 |
_aWarszawa : _bWydaw. Naukowe PWN, _c2002. |
||
| 300 |
_a265 s. : _bil. ; _c24 cm. |
||
| 500 | _aTyt. oryg.: "roofs from the book". | ||
| 504 | _aBibliogr. | ||
| 650 | 9 | _aMatematyka | |
| 650 | 9 |
_aLiczby _xteoria |
|
| 650 | 9 | _aGeometria | |
| 650 | 9 | _aAnaliza matematyczna | |
| 650 | 9 | _aKombinatoryka | |
| 650 | 9 |
_aGrafy _xteoria |
|
| 700 | 1 | _aZIEGLER, Günter M. | |
| 020 | _a8301137223 | ||
| 040 | _cBPK | ||
| 041 | 1 |
_apl _ben |
|
| 080 | _a51 | ||
| 920 | _a83-01-13722-3 | ||
| 942 | _cKS | ||
| 008 | s pl f |000 0 pol | ||
| 999 |
_c41623 _d41623 |
||
| 856 |
_uhttp://koha.tu.koszalin.pl/cgi-bin/koha/opac-detail.pl?biblionumber=41623 _yKatalog online BPK |
||